Guess the random Taylor Swift Song Lyrics 92 - Statistics

General Stats
  • This quiz has been taken 13 times
  • The average score is 316 of 500
Answer Stats
Answer % Correct
a
100%
I
100%
you
100%
You
100%
the
91%
The
91%
your
91%
and
82%
And
82%
"Go
82%
go
82%
go"
82%
He
82%
he
82%
him
82%
I'm
82%
in
82%
In
82%
It
82%
it
82%
love
82%
No
82%
no
82%
they
82%
we
82%
We
82%
were
82%
we're
82%
(we're
82%
where
82%
But
73%
but
73%
I'd
73%
it's
73%
It's
73%
me
73%
time
73%
to
73%
was
73%
about
64%
be
64%
'Cause
64%
ever
64%
good
64%
had
64%
like
64%
now
64%
on
64%
That
64%
times
64%
us
64%
best
55%
didn't
55%
Don't
55%
(don't
55%
for
55%
from
55%
get
55%
just
55%
knew
55%
met
55%
my
55%
never
55%
nothin'
55%
(oh!)
55%
oh
55%
(oh)
55%
(oh
55%
oh)
55%
other
55%
place
55%
see
55%
side
55%
There
55%
Think
55%
we'd
55%
win
55%
apart
45%
bag
45%
bar
45%
black
45%
Bonnie
45%
both
45%
car
45%
Clyde
45%
crimes
45%
cursed
45%
dark
45%
drivin'
45%
Drivin'
45%
every
45%
far
45%
fell
45%
first
45%
getaway
45%
heart
45%
honey
45%
keys
45%
known
45%
known)
45%
last
45%
leave
45%
left
45%
lies
45%
man
45%
money
45%
motel
45%
mystery
45%
needed
45%
of
45%
old
45%
Old
45%
poisoned
45%
pretend
45%
pretend)
45%
reason
45%
saw
45%
screamin'
45%
shot
45%
Should've
45%
(Should've
45%
sorry
45%
sorry)
45%
spot
45%
starts
45%
stole
45%
story
45%
such
45%
surprise
45%
three
45%
traitors
45%
Until
45%
wanted
45%
well
45%
white
45%
with
45%
worst
45%
ain't
36%
beat
36%
blew
36%
circus
36%
drinkin'
36%
fashioned
36%
Fashioned
36%
flyin'
36%
himself
36%
hit
36%
jet
36%
light
36%
lyin'
36%
marks
36%
match
36%
mean
36%
mind
36%
myself
36%
Put
36%
set
36%
shotgun
36%
sideshow
36%
switched
36%
thinkin'
36%
ties
36%
turned
36%
weren't
36%
"X"
36%
after
27%
break
27%
candlelight
27%
escape
27%
face
27%
great
27%
grey
27%
prison
27%
Ridin'
27%
runnin'
27%
shades
27%
sirens
27%
struck
27%
While
27%
ah
18%
freedom
18%
No matching quizzes found
Score Distribution
Percent of People with Each Score
Percentile by Number Answered
Your Score History
You have not taken this quiz